000 00366nam a2200145Ia 4500
008 230917s9999||||xx |||||||||||||| ||und||
040 _e79802
_aMAIN
041 _aEnglish
082 _a343.094 A92L
100 _aAvtar Singh
245 0 _aLaw of carriage: Land, sea and air
260 _aLucknow
_bEartern Book Co.
_c1978
300 _axiii, 136 p.
942 _cBK
999 _c204227
_d204227